00318nam a2200121Ia 4500008004100000100001800041245004600059260004100105300001000146650001600156942000700172999001700179190216s9999||||xx |||||||||||||| ||und|| aSankara Rao.K 0aNumerical Methods For Scientists And Engg bPrentice Hall Of India Pvt Ltdc2001 a256 p aMathematics cBK c31773d31773